Double dutch / (Record no. 6064)

MARC details
000 -LEADER
fixed length control field 01007nam a22002897a 4500
001 - CONTROL NUMBER
control field 6064
003 - CONTROL NUMBER IDENTIFIER
control field FISKH
005 - DATE AND TIME OF LATEST TRANSACTION
control field 20250305091623.0
008 - FIXED-LENGTH DATA ELEMENTS--GENERAL INFORMATION
fixed length control field 250305b cb ||||| |||| 00| 0 eng d
020 ## - INTERNATIONAL STANDARD BOOK NUMBER
International Standard Book Number 9780689842313
040 ## - CATALOGING SOURCE
Original cataloging agency FISKH
Language of cataloging eng
Transcribing agency FISKH
Modifying agency FISKH
050 ## - LIBRARY OF CONGRESS CALL NUMBER
Classification number PZ7.D78325 D
082 ## - DEWEY DECIMAL CLASSIFICATION NUMBER
Classification number 523
100 ## - MAIN ENTRY--PERSONAL NAME
Personal name M.Draper, Sharon
Dates associated with a name (1952-)
245 ## - TITLE STATEMENT
Title Double dutch /
Statement of responsibility, etc. M.Draper, Sharon
250 ## - EDITION STATEMENT
Edition statement This edition first published in 2004
260 ## - PUBLICATION, DISTRIBUTION, ETC.
Place of publication, distribution, etc. New York :
Name of publisher, distributor, etc. Aladdin,
Date of publication, distribution, etc. 2002.
300 ## - PHYSICAL DESCRIPTION
Extent 183 pages :
Dimensions 20 cm
505 ## - FORMATTED CONTENTS NOTE
Formatted contents note R<br/>
520 ## - SUMMARY, ETC.
Summary, etc. Three eighth-grade friends, preparing for the International Double Dutch Championship jump rope competition in their home town of Cincinnati, Ohio, cope with Randy's missing father, Delia's inability to read, and Yo Yo's encounter with the class bullies.<br/>
521 8# - TARGET AUDIENCE NOTE
Target audience note 760<br/>
Source Lexile<br/>
521 8# - TARGET AUDIENCE NOTE
Target audience note R<br/>
Source Raz-Plus<br/>
650 ## - SUBJECT ADDED ENTRY--TOPICAL TERM
Source of heading or term Cincinnati
Topical term or geographic name entry element Jump rope
650 ## - SUBJECT ADDED ENTRY--TOPICAL TERM
Source of heading or term Teen fiction
Topical term or geographic name entry element Young adult fiction
942 ## - ADDED ENTRY ELEMENTS (KOHA)
Source of classification or shelving scheme Dewey Decimal Classification
Koha item type Books
Suppress in OPAC No
Holdings
Withdrawn status Lost status Source of classification or shelving scheme Damaged status Not for loan Collection Home library Current library Shelving location Date acquired Total Checkouts Full call number Barcode Date last seen Copy number Price effective from Koha item type
    Dewey Decimal Classification     Juvenile Fiction Footprints International School Library Network Toul Kork Campus Footprints International School Library Network Toul Kork Campus TTP Primary Orange Bookshelves 03/05/2025   DRA 523 PZ7.D78325 D 2025-0728 03/05/2025 1 03/05/2025 Books